Regional policy of the Eu:New Challenges in Absorption and Implementation of Structural Assistance (ბიბ.ჩანაწერი № 53753)
[ მარტივი ფორმატი ]
| 000 -LEADER | |
|---|---|
| fixed length control field | 00760nam a2200241Ia 4500 |
| 001 - CONTROL NUMBER | |
| control field | 20801 |
| 003 - CONTROL NUMBER IDENTIFIER | |
| control field | GE_BSU |
| 008 - FIXED-LENGTH DATA ELEMENTS--GENERAL INFORMATION | |
| fixed length control field | 181216s||||||||xx |||||||||||||| ||und|| |
| 040 ## - CATALOGING SOURCE | |
| Transcribing agency | GE_BSU |
| 080 ## - UNIVERSAL DECIMAL CLASSIFICATION NUMBER | |
| Universal Decimal Classification number | 327 |
| 100 ## - MAIN ENTRY--PERSONAL NAME | |
| Personal name | Nikolaeva,Venera |
| 245 ## - TITLE STATEMENT | |
| Title | Regional policy of the Eu:New Challenges in Absorption and Implementation of Structural Assistance |
| 250 ## - EDITION STATEMENT | |
| Edition statement | 9783659706394 |
| 260 ## - PUBLICATION, DISTRIBUTION, ETC. | |
| Place of publication, distribution, etc. | Germany |
| 260 ## - PUBLICATION, DISTRIBUTION, ETC. | |
| Name of publisher, distributor, etc. | LAP Lambert Academic Publishing |
| 260 ## - PUBLICATION, DISTRIBUTION, ETC. | |
| Date of publication, distribution, etc. | 2015 |
| 300 ## - PHYSICAL DESCRIPTION | |
| Extent | 57p;23cm |
| 653 ## - INDEX TERM--UNCONTROLLED | |
| Uncontrolled term | Regional policy of the Eu:New Challenges in Absorption and Implementation of Structural Assistance |
| 653 ## - INDEX TERM--UNCONTROLLED | |
| Uncontrolled term | პოლიტიკა |
| 653 ## - INDEX TERM--UNCONTROLLED | |
| Uncontrolled term | რეგიონალური პოილიტიკა |
| 942 ## - ADDED ENTRY ELEMENTS (KOHA) | |
| Koha item type | წიგნი |
არაა ხელმისაწვდომი ეგზემპლარები.
